Pozícia Indie vo svetovej politike a jej bezpečnostné aspekty

Nová vlna rastu záujmu o Indiu. India ako súčasť skupiny BRIC. Demografický a ekonomický potenciál Indie a ich vplyv na jej pôsobenie vo svetovej politike. Politická história Indie a jej vplyv na súčasnú zahraničnú politiku a medzinárodné vzťahy. Tradície indického pôsobenia v Hnutí nezúčastnených k...

Descrizione completa

Salvato in:
Dettagli Bibliografici
Autore principale: Škvrnda, František
Natura: Capitolo di libro
Lingua:slovacco
Soggetti:
Tags: Aggiungi Tag
Nessun Tag, puoi essere il primo ad aggiungerne!!

MARC

LEADER 00000nla$a2200000$$$4500
001 0104393
005 20240502072137.7
041 0 |a slo 
044 |a SK 
245 1 0 |a Pozícia Indie vo svetovej politike a jej bezpečnostné aspekty  |c František Škvrnda 
520 |a Nová vlna rastu záujmu o Indiu. India ako súčasť skupiny BRIC. Demografický a ekonomický potenciál Indie a ich vplyv na jej pôsobenie vo svetovej politike. Politická história Indie a jej vplyv na súčasnú zahraničnú politiku a medzinárodné vzťahy. Tradície indického pôsobenia v Hnutí nezúčastnených krajín. Regionálne súvislosti indickej zahraničnej a bezpečnostnej politiky. Základné faktory podmieňujúce bezpečnostnú pozíciu Indie vo svetovej politike. Historické korene terorizmu v Indii a jeho vývoj. Nová vlna terorizmu v 80. rokoch. Niektoré súvislosti teroristickej akcie v Mumbaji. 
610 2 0 |a politika zahraničná 
610 2 0 |a politika svetová 
610 2 0 |a bezpečnosť 
610 2 0 |a politika bezpečnostná 
610 2 0 |a terorizmus 
610 2 0 |a organizácie medzinárodné 
610 2 0 |a vzťahy medzinárodné 
610 2 0 |a India 
100 1 |a Škvrnda, František